Survivor Contestants Season 8: All-Stars - Statistics

General Stats
  • This quiz has been taken 350 times
  • The average score is 16 of 18
Answer Stats
Finish Contestant % Correct
2nd Rob Mariano
98%
Winner Amber Brkich
97%
14th Richard Hatch
92%
4th Rupert Boneham
92%
11th Ethan Zohn
91%
18th Tina Wesson
91%
9th Lex van den Berghe
90%
5th Tom Buchanan
89%
10th Jerri Manthey
86%
15th Rob Cesternino
86%
17th Rudy Boesch
86%
12th Colby Donaldson
85%
13th Susan Hawk
85%
16th Jenna Morasca
84%
3rd Jenna Lewis
81%
8th Kathy Vavrick-O'Brien
79%
7th Alicia Calaway
78%
6th Shii Ann Huang
78%
No matching quizzes found
Score Distribution
Percent of People with Each Score
Percentile by Number Answered
Your Score History
You have not taken this quiz